• 首页
  • 本馆介绍
  • 公告通知
  • 最新文献
  • 馆藏检索
  • 电子资源
  • 读者导购
  • 参考咨询
  • 我的图书馆
  • 登录
  • 详细信息显示
  • 放入我的书架
  • 预约/预借图书
  • 作者相关作品
  • 分类相关作品
  • 丛书相关作品
  • 出版社相关作品

书目信息

  • 表格格式
  • 工作单格式
  • 卡片格式
题名:
固体物理学习题指导
    
 
作者: 刘友之 , 聂向富 , 蒋生蕊 编
分册:  
出版信息: 北京   高等教育出版社  1988.01
页数: 566页
开本: 20cm
丛书名:
单 册:
中图分类: O48-44
科图分类:
主题词: 固体物理学
电子资源:
ISBN: 7-04-000538-7
000 00675nam0 2200217 450
001 0656382000
005 20061123154141.01
010    @a7-04-000538-7@dCNY6.40
100    @a20061123d1988 km y0chiy0120 ea
101 0  @achi
102    @aCN@b110000
200 1  @a固体物理学习题指导@Agu ti wu li xue xi ti zhi dao@f刘友之,聂向富,蒋生蕊编@Fliu you zhi,nie xiang fu,jiang sheng rui bian
210    @a北京@c高等教育出版社@d1988.01
215    @a566页@d20cm
606 0  @a固体物理学
690    @aO48-44@v3
701  0 @a刘友之@Aliu you zhi@4编
701  0 @a聂向富@Anie xiang fu@4编
701  0 @a蒋生蕊@Ajiang sheng rui@4编
801  0 @aCN@bPFT@c20061123
905    @a10447@dO48-44@e28
    
    固体物理学习题指导/刘友之,聂向富,蒋生蕊编.-北京:高等教育出版社,1988.01
    566页;20cm
    
    
    ISBN 7-04-000538-7:CNY6.40
    
●
相关链接 在E读中查询图书 在五车中查询图书 在当当中查询图书 在豆瓣中查询图书


正题名:固体物理学习题指导     索取号:O48-44/28         预约/预借

序号 登录号 条形码 馆藏地/架位号 状态 备注
1 0215578   202121337   第二样本阅览室/ [索取号:O48-44/28] 在馆    
唐山师范学院图书馆 欢迎您!
大连网信软件有限公司© 版权所有